Construcción de modelos empíricos en economía / (Registro nro. 5540)

Detalles MARC
000 -LEADER
fixed length control field 01414nam a2200325Ia 4500
003 - CONTROL NUMBER IDENTIFIER
control field OSt
005 - DATE AND TIME OF LATEST TRANSACTION
control field 20200619141516.0
008 - FIXED-LENGTH DATA ELEMENTS--GENERAL INFORMATION
fixed length control field 191128s2007 sp gr 000 0dspa d
020 ## - INTERNATIONAL STANDARD BOOK NUMBER
International Standard Book Number 9788497683784
040 ## - CATALOGING SOURCE
Original cataloging agency CO-JMCR
Transcribing agency CO-JMCR
041 1# - LANGUAGE CODE
Language code of text/sound track or separate title spa
Language code of original eng
082 04 - DEWEY DECIMAL CLASSIFICATION NUMBER
Classification number 330.15195 /
Item number G715c
Edition number 23
100 1# - MAIN ENTRY--PERSONAL NAME
Personal name Granger, Clive W. J.,
Relator term autor
9 (RLIN) 5843
245 10 - TITLE STATEMENT
Title Construcción de modelos empíricos en economía /
Statement of responsibility, etc. Clive W. J. Granger ; traducción de Joan Espasa ; estudio introductorio de Antoni Espasa
260 ## - PUBLICATION, DISTRIBUTION, ETC.
Place of publication, distribution, etc. Madrid :
Name of publisher, distributor, etc. Marcial Pons Ediciones Jurídicas y sociales,
Date of publication, distribution, etc. 2007.
300 ## - PHYSICAL DESCRIPTION
Extent 191 páginas ;
Dimensions 21 cm.
490 0# - SERIES STATEMENT
Series statement Politopías ;
Volume/sequential designation 17
500 ## - GENERAL NOTE
General note Datos biográficos del autor en la solapa.
504 ## - BIBLIOGRAPHY, ETC. NOTE
Bibliography, etc. note bibliografía al final de cada capítulo.
505 0# - FORMATTED CONTENTS NOTE
Formatted contents note Clive Granger: sus semillas en econometría y su visión sobre la construcción de modelos empíricos en economía -- Construcción de modelos empíricos en economía -- La especificación de modelos empíricos -- La evaluación de modelos empiricos
534 ## - ORIGINAL VERSION NOTE
Introductory phrase Empirical modelling in economics
546 ## - LANGUAGE NOTE
Language note Traducido del inglés
650 14 - SUBJECT ADDED ENTRY--TOPICAL TERM
Topical term or geographic name entry element Economía política
9 (RLIN) 5844
650 24 - SUBJECT ADDED ENTRY--TOPICAL TERM
Topical term or geographic name entry element Modelos matemáticos
9 (RLIN) 1740
650 24 - SUBJECT ADDED ENTRY--TOPICAL TERM
Topical term or geographic name entry element Econometría
9 (RLIN) 5845
650 24 - SUBJECT ADDED ENTRY--TOPICAL TERM
Topical term or geographic name entry element Estadística matemática
9 (RLIN) 5846
700 1# - ADDED ENTRY--PERSONAL NAME
Personal name Espasa, Joan,
Relator term traductor
9 (RLIN) 5847
700 1# - ADDED ENTRY--PERSONAL NAME
Personal name Espasa, Antoni,
Relator term introductor
9 (RLIN) 5848
942 ## - ADDED ENTRY ELEMENTS (KOHA)
Source of classification or shelving scheme Dewey Decimal Classification
Koha item type Books
Existencias
Withdrawn status Lost status Source of classification or shelving scheme Materials specified (bound volume or other part) Damaged status Not for loan Home library Current library Shelving location Date acquired Source of acquisition Cost, normal purchase price Total Checkouts Full call number Barcode Date last seen Copy number Price effective from Koha item type
    Dewey Decimal Classification Donación--15/04/2018--     Biblioteca Pública José María del Castillo y Rada Biblioteca Pública José María del Castillo y Rada General Stacks 11/28/2019 Donación 0.00   330.15195 / G715c 430002051 05/16/2024 Ej.1 11/28/2019 Books